| 000 | 00976cam a22002531i 4500 | ||
|---|---|---|---|
| 003 | SA-RiAUC | ||
| 005 | 20241014075808.0 | ||
| 008 | 241013s2013 ku g 000 0 ara c | ||
| 040 |
_aSA-RiAUC _bara _cSA-RiAUC _erda |
||
| 082 | 0 | 4 |
_a094 _qSA-RiAUC |
| 090 |
_a094 _bي و س |
||
| 100 | 1 |
_aيوسف، محمد خير رمضان، _d1956- _eمؤلف. |
|
| 245 | 1 | 0 |
_aرحيق التراث : _bمختارات من كتب نادرة / _cتأليف محمد خير رمضان يوسف. |
| 250 | _aالطبعة الأولى. | ||
| 264 | 1 |
_aالكويت : _bإدارة الثقافة الإسلامية، _c2013 |
|
| 300 |
_a347 صفحة ؛ _c24 سم |
||
| 336 |
_aنص _btxt _2rdacontent _3كتاب |
||
| 337 |
_aبدون وسيط _bn _2rdamedia |
||
| 338 |
_aمجلد _bnc _2rdacarrier |
||
| 650 | 7 |
_aالكتب النادرة _2aucsh |
|
| 650 | 7 |
_aالكتب _xمجموعات خاصة _2aucsh |
|
| 942 |
_2ddc _cBOOK _n0 |
||
| 949 |
_aSA-JeALM _d241013 _umohamedma123 _n1 |
||
| 999 |
_c1296 _d1296 |
||